A sikerhalmozó apró motoros Harcsa Márk 23 versenyen indult 2010-ben a tízévesek között, és csak Gyulán maradt le a dobogóról

Bibliographic Details
Main Author: Mészáros, Károly J., 1955- (Author, Interviewer)
Format: Article
Language:Hungarian
PhysicalDescription:Fotogr.
ISSN:1335-7050
Subjects:

MARC

LEADER 00000nab a2200000 ar4500
001 vtls010189153
003 SK-MaSNL
005 20260319071314.0
008 101116c20101112xo |||||||| 000 b|hun
015 |a SNBRB2010/11  |2 snkbucl 
038 |a SNKBUCL 
040 |a DSZK  |b slo  |c DSZK  |e AACR2 
041 0 |a hun 
044 |a xo  |c SK 
080 |a 796.72.093.55.071-053.2  |2 2001 
080 |a 929 Harcsa, Márk  |2 2001 
100 1 |a Mészáros, Károly J.,  |d 1955-  |4 ivr  |4 aut  |9 103301 
245 1 0 |a A sikerhalmozó apró motoros  |b Harcsa Márk 23 versenyen indult 2010-ben a tízévesek között, és csak Gyulán maradt le a dobogóról  |c J. Mészáros Károly 
300 |b Fotogr. 
600 1 7 |a Harcsa, Márk  |2 snkbucl  |9 1099984 
650 0 7 |a motokros  |2 SNKPH  |9 14164 
650 0 7 |a mladí športovci  |2 snkbucl  |9 1099985 
651 7 |a Radvaň nad Dunajom (Slovensko)  |2 SNKPHgeo  |9 25721 
773 0 |t Új szó  |g Évf. 63, sz. 261 (12.11.2010), o. 21  |x 1335-7050 
852 |a SNK  |b KIS3GCP 
852 |a DSZK  |b KIS3GCP 
958 |a HU 
958 |a SK 
999 |c 1808316  |d 1810246